| 000 | 00458nam a2200145Ia 4500 | ||
|---|---|---|---|
| 008 | 220216s9999 xx 000 0 und d | ||
| 100 | _aSadamitsu K | ||
| 245 | 0 | _aAmphiphilic elastomer consisted of butyl rubber and poly (ethylene oxide) | |
| 260 | _bProceedings of the International Rubber Conference, Kobe, Japan, 1995; p263-266 | ||
| 650 | _aAmphiphilic elastomer | ||
| 650 | _aButyl rubber | ||
| 700 | _aIkeda Y | ||
| 700 | _aKohjiya S | ||
| 942 | _cJS | ||
| 999 |
_c54079 _d54079 |
||